La España ilustrada de la segunda mitad del siglo XVIII / (Record no. 187703)

MARC details
000 -LEADER
campo de control de longitud fija 00825nam a2200229 i 4500
001 - NÚMERO DE CONTROL
campo de control 187703
003 - IDENTIFICADOR DE NÚMERO DE CONTROL
campo de control ES-MaACL
005 - FECHA Y HORA DE LA ÚLTIMA TRANSACCIÓN
campo de control 20230906223017.0
008 - DATOS DE LONGITUD FIJA--INFORMACIÓN GENERAL
campo de control de longitud fija 180126s1985 sp |||| | spa d
080 ## - NÚMERO DE LA CLASIFICACIÓN DECIMAL UNIVERSAL
Número de la Clasificación Decimal Universal 946"17"
100 1# - ENTRADA PRINCIPAL--NOMBRE DE PERSONA
Nombre de persona Sarrailh, Jean.
9 (RLIN) 103846
245 13 - MENCIÓN DEL TÍTULO
Título La España ilustrada de la segunda mitad del siglo XVIII /
Mención de responsabilidad, etc. Jean Sarrailh ; [traducción de Antonio Alatorre].
250 ## - MENCION DE EDICION
Mención de edición 1ª ed. 3ª reimp.
260 ## - PUBLICACIÓN, DISTRIBUCIÓN, ETC.
Lugar de publicación, distribución, etc. Madrid :
Nombre del editor, distribuidor, etc. Fondo de Cultura Económica,
Fecha de publicación, distribución, etc. 1985.
300 ## - DESCRIPCIÓN FÍSICA
Extensión 784 p. ;
Dimensiones 21 cm.
490 1# - MENCIÓN DE SERIE
Mención de serie Sección de obras de historia
651 #4 - PUNTO DE ACCESO ADICIONAL DE MATERIA--NOMBRE GEOGRÁFICO
Nombre geográfico España-
Subdivisión general Historia-
Subdivisión cronológica S.XVIII.
9 (RLIN) 8359
700 1# - ENTRADA AGREGADA--NOMBRE PERSONAL
Nombre de persona Alatorre, Antonio.
9 (RLIN) 19169
830 0# - PUNTO DE ACCESO ADICIONAL DE SERIE-TÍTULO UNIFORME
Título uniforme Sección de obras de historia
9 (RLIN) 179403
852 ## - LOCALIZACIÓN
Ubicación ES-MaACL
Número de control de estantería L-31868
Nota libre . - Donat. herederos de la bibl. de Mª del Pilar Costa Palacín
Holdings
Estatus retirado Estado de pérdida Estado de daño No para préstamo Biblioteca de origen Biblioteca actual Ubicación en estantería Fecha de adquisición Fuente de adquisición Total de préstamos Signatura topográfica completa Código de barras Visto por última vez Precio de reemplazo Tipo de ítem Koha
        Biblioteca del Ateneo de Madrid Biblioteca del Ateneo de Madrid Depósito 2 26/01/2018     L-31868 1198290 23/02/2023 23/02/2023 Libro impreso